[Event "GBR-ch90"]
[Site "Edinburgh"]
[Date "2003.07.30"]
[Round "9.3"]
[White "Rowson, Jonathan"]
[Black "Bakre, Tejas"]
[Result "1-0"]
[WhiteElo "2536"]
[BlackElo "2433"]
[PlyCount "97"]
[EventDate "2003.07.21"]
[EventType "swiss"]
[EventRounds "11"]
[EventCountry "GBR"]
[SourceTitle "BritBase"]
[Source "John Saunders"]
[SourceDate "2008.07.14"]
[SourceVersion "1"]
[SourceVersionDate "2008.07.14"]
[SourceQuality "2"]

1. e4 c5 2. Nf3 d6 3. d4 cxd4 4. Nxd4 Nf6 5. Nc3 Nc6 6. Bc4 e6 7. Be3 a6 8. Bb3
Na5 9. f3 b5 10. g4 Bb7 11. Qe2 Nxb3 12. axb3 Nd7 13. O-O-O Qc7 14. Kb1 b4 15.
Na4 Nc5 16. Qd2 Nxa4 17. bxa4 Be7 18. h4 h5 19. gxh5 Rxh5 20. Bg5 d5 21. e5 Bc5
22. Qe2 Qb6 23. Nb3 Be7 24. f4 g6 25. Bxe7 Kxe7 26. a5 Qb5 27. Qxb5 axb5 28.
Rd4 Ba6 29. Rxb4 Rc8 30. Nd4 Rc5 31. c3 f6 32. Re1 f5 33. Rh1 Rc4 34. Kc2 Rh8
35. Kd3 Kf7 36. Ke3 Rc5 37. Nb3 Rc7 38. Rh2 Rc6 39. Nd4 Rc5 40. Rh1 Rh5 41. Nb3
Rc4 42. Rxc4 bxc4 43. Nc5 Bb5 44. a6 Bc6 45. Kd4 Rh8 46. a7 Ke7 47. Ra1 Rxh4
48. a8=Q Bxa8 49. Ra7+ 1-0

[Event "GBR-ch90"]
[Site "Edinburgh"]
[Date "2003.07.30"]
[Round "9.4"]
[White "Kotronias, Vasilios"]
[Black "Turner, Matthew J"]
[Result "1-0"]
[WhiteElo "2602"]
[BlackElo "2519"]
[PlyCount "71"]
[EventDate "2003.07.21"]
[EventType "swiss"]
[EventRounds "11"]
[EventCountry "GBR"]
[SourceTitle "BritBase"]
[Source "John Saunders"]
[SourceDate "2008.07.14"]
[SourceVersion "1"]
[SourceVersionDate "2008.07.14"]
[SourceQuality "2"]

1. e4 c5 2. Nf3 g6 3. d4 cxd4 4. Nxd4 Bg7 5. c4 Nc6 6. Be3 Nf6 7. Nc3 O-O 8.
Be2 b6 9. O-O Bb7 10. f3 Ne8 11. Qd2 Nc7 12. Ndb5 Nxb5 13. cxb5 Nb8 14. Rac1 d6
15. Nd5 Bxd5 16. Qxd5 Nd7 17. b4 Nf6 18. Qb7 Qb8 19. Rc7 Qxb7 20. Rxb7 Rfc8 21.
Rxe7 d5 22. e5 d4 23. Bxd4 Nd5 24. Rd7 Nf4 25. Re1 Rc1 26. Kf1 Rac8 27. g3 Nxe2
28. Kxe2 R1c2+ 29. Kd3 Rxa2 30. Ra1 Rxh2 31. Raxa7 Bh6 32. f4 Rg2 33. Rxf7
Rxg3+ 34. Ke4 Rg4 35. e6 Re8 36. Kd5 1-0

[Event "GBR-ch90"]
[Site "Edinburgh"]
[Date "2003.07.30"]
[Round "9.5"]
[White "Sattar, Reefat Bin"]
[Black "Ganguly, Surya Shekhar"]
[Result "1/2-1/2"]
[WhiteElo "2475"]
[BlackElo "2535"]
[PlyCount "34"]
[EventDate "2003.07.21"]
[EventType "swiss"]
[EventRounds "11"]
[EventCountry "GBR"]
[SourceTitle "BritBase"]
[Source "John Saunders"]
[SourceDate "2008.07.14"]
[SourceVersion "1"]
[SourceVersionDate "2008.07.14"]
[SourceQuality "2"]

1. e4 e5 2. Nf3 Nc6 3. Bb5 a6 4. Bxc6 dxc6 5. O-O Bg4 6. h3 h5 7. d3 Qf6 8.
Nbd2 Ne7 9. Nc4 Bxf3 10. Qxf3 Qxf3 11. gxf3 Ng6 12. Rd1 f6 13. Be3 c5 14. Kf1
Bd6 15. c3 b6 16. d4 Be7 17. d5 O-O 1/2-1/2

[Event "GBR-ch90"]
[Site "Edinburgh"]
[Date "2003.07.30"]
[Round "9.6"]
[White "Motwani, Paul"]
[Black "Gormally, Daniel W"]
[Result "1/2-1/2"]
[WhiteElo "2525"]
[BlackElo "2478"]
[PlyCount "52"]
[EventDate "2003.07.21"]
[EventType "swiss"]
[EventRounds "11"]
[EventCountry "GBR"]
[SourceTitle "BritBase"]
[Source "John Saunders"]
[SourceDate "2008.07.14"]
[SourceVersion "1"]
[SourceVersionDate "2008.07.14"]
[SourceQuality "2"]

1. e4 c5 2. c3 d5 3. exd5 Qxd5 4. d4 Nf6 5. Nf3 Bg4 6. dxc5 Qxc5 7. Na3 a6 8.
Be3 Qc7 9. Qa4+ Nbd7 10. O-O-O e5 11. h3 Be6 12. Nc2 h6 13. Be2 Be7 14. g4 O-O
15. g5 b5 16. Qh4 Nd5 17. Rhg1 Rfc8 18. Qe4 Nxc3 19. bxc3 Qxc3 20. Rxd7 Qa1+
21. Kd2 Rxc2+ 22. Kxc2 Rc8+ 23. Kd2 Qc3+ 24. Kd1 Bf5 25. Qxf5 Qa1+ 26. Kd2 Qc3+
1/2-1/2

[Event "GBR-ch90"]
[Site "Edinburgh"]
[Date "2003.07.30"]
[Round "9.7"]
[White "Gallagher, Joseph G"]
[Black "Vijayalakshmi, Subbaraman"]
[Result "1/2-1/2"]
[WhiteElo "2520"]
[BlackElo "2435"]
[PlyCount "103"]
[EventDate "2003.07.21"]
[EventType "swiss"]
[EventRounds "11"]
[EventCountry "GBR"]
[SourceTitle "BritBase"]
[Source "John Saunders"]
[SourceDate "2008.07.14"]
[SourceVersion "1"]
[SourceVersionDate "2008.07.14"]
[SourceQuality "2"]

1. e4 e5 2. Nf3 Nc6 3. Bb5 a6 4. Ba4 Nf6 5. O-O Be7 6. Re1 b5 7. Bb3 O-O 8. c3
d5 9. d4 dxe4 10. Nxe5 Nxe5 11. dxe5 Qxd1 12. Bxd1 Nd7 13. Bc2 Bb7 14. Nd2 Nxe5
15. Nxe4 Rfe8 16. b3 Rad8 17. Bf4 f6 18. Rad1 Bc6 19. f3 a5 20. Kf1 g6 21.
Nxf6+ Bxf6 22. Rxd8 Rxd8 23. Bxe5 Rd2 24. Bxf6 Rxc2 25. Re7 Rxa2 26. Rxc7 Bd5
27. c4 bxc4 28. bxc4 Be6 29. c5 Rc2 30. Rg7+ Kf8 31. Ra7 a4 32. Rxa4 Rxc5 33.
Ra7 Rc1+ 34. Kf2 Rc2+ 35. Kg3 h5 36. h4 Bc4 37. Ra1 Kf7 38. Bg5 Bd3 39. Rd1 Bf5
40. Re1 Bd3 41. Rd1 Bf5 42. Rd6 Ra2 43. Rd4 Rc2 44. Bd2 Be6 45. Rd8 Ke7 46.
Bg5+ Kf7 47. Rb8 Bf5 48. Rb7+ Ke8 49. Re7+ Kf8 50. Re1 Kf7 51. Rg1 Rb2 52. Rd1
1/2-1/2

[Event "GBR-ch90"]
[Site "Edinburgh"]
[Date "2003.07.30"]
[Round "9.8"]
[White "Conquest, Stuart"]
[Black "McDonald, Neil R"]
[Result "1/2-1/2"]
[WhiteElo "2560"]
[BlackElo "2384"]
[PlyCount "156"]
[EventDate "2003.07.21"]
[EventType "swiss"]
[EventRounds "11"]
[EventCountry "GBR"]
[SourceTitle "BritBase"]
[Source "John Saunders"]
[SourceDate "2008.07.14"]
[SourceVersion "1"]
[SourceVersionDate "2008.07.14"]
[SourceQuality "2"]

1. e4 e6 2. d4 d5 3. Nd2 dxe4 4. Nxe4 Bd7 5. Nf3 Bc6 6. Bd3 Nd7 7. O-O Ngf6 8.
Ned2 Be7 9. Nc4 Bd5 10. Ne3 Bxf3 11. Qxf3 c6 12. b3 O-O 13. Bb2 Re8 14. c4 Qa5
15. a3 Rad8 16. Bc2 Nf8 17. Rad1 Ng6 18. g3 Qh5 19. Qxh5 Nxh5 20. d5 exd5 21.
cxd5 c5 22. Nc4 Bf6 23. Bc1 Bd4 24. b4 Nf6 25. bxc5 Bxc5 26. Be3 Bxe3 27. Nxe3
Rd6 28. Bxg6 hxg6 29. Rd4 Rc8 30. Rb1 Rc7 31. Kg2 Kf8 32. a4 Rcd7 33. Kf3 Ke7
34. Re1 Kd8 35. Red1 Ke7 36. g4 Ra6 37. Re1 Kd8 38. h4 Ra5 39. Red1 Ne8 40. h5
gxh5 41. gxh5 Nf6 42. Rh4 Nxd5 43. h6 gxh6 44. Rh5 Rxa4 45. Nxd5 Ra5 46. Ke4
Rd6 47. Rd4 Rc5 48. f4 a5 49. Ra4 Ra6 50. Rd4 Rd6 51. Rf5 Re6+ 52. Kf3 Rd6 53.
Ke4 Re6+ 54. Re5 Rxe5+ 55. fxe5 Rc1 56. Nf6+ Ke7 57. Ng8+ Ke8 58. Nf6+ Ke7 59.
Ng8+ Ke8 60. Nxh6 b5 61. Rd5 Re1+ 62. Kf5 Rf1+ 63. Kg5 Rg1+ 64. Ng4 Rb1 65. Kf5
Rf1+ 66. Kg5 Rb1 67. Rd6 b4 68. Ra6 b3 69. Rxa5 b2 70. Rb5 Kd7 71. Rd5+ Kc6 72.
Rd2 Kc5 73. Rf2 Kd4 74. Kf6 Kc3 75. Rf3+ Kd4 76. Rf4+ Kc3 77. Rf3+ Kd4 78. Rf4+
Kc3 1/2-1/2

[Event "GBR-ch90"]
[Site "Edinburgh"]
[Date "2003.07.30"]
[Round "9.9"]
[White "Ghasi, Ameet"]
[Black "Summerscale, Aaron"]
[Result "1/2-1/2"]
[WhiteElo "2305"]
[BlackElo "2492"]
[PlyCount "39"]
[EventDate "2003.07.21"]
[EventType "swiss"]
[EventRounds "11"]
[EventCountry "GBR"]
[SourceTitle "BritBase"]
[Source "John Saunders"]
[SourceDate "2008.07.14"]
[SourceVersion "1"]
[SourceVersionDate "2008.07.14"]
[SourceQuality "2"]

1. Nf3 c5 2. g3 Nc6 3. Bg2 d5 4. O-O e5 5. d3 Be7 6. a3 Be6 7. c3 a5 8. a4 Nf6
9. e4 O-O 10. Qe2 d4 11. Na3 Nd7 12. Nb5 Nb6 13. c4 Qd7 14. Nd2 Bg4 15. f3 Bh5
16. h4 f6 17. Rf2 Nb4 18. Nf1 Nc8 19. Kh2 Nd6 20. Bh3 1/2-1/2

[Event "GBR-ch90"]
[Site "Edinburgh"]
[Date "2003.07.30"]
[Round "9.10"]
[White "Pert, Nicholas"]
[Black "Ansell, Simon T"]
[Result "1-0"]
[WhiteElo "2483"]
[BlackElo "2379"]
[PlyCount "89"]
[EventDate "2003.07.21"]
[EventType "swiss"]
[EventRounds "11"]
[EventCountry "GBR"]
[SourceTitle "BritBase"]
[Source "John Saunders"]
[SourceDate "2008.07.14"]
[SourceVersion "1"]
[SourceVersionDate "2008.07.14"]
[SourceQuality "2"]

1. d4 Nf6 2. Nf3 d5 3. c4 c6 4. Nc3 dxc4 5. a4 Bf5 6. Ne5 Nbd7 7. Nxc4 Nd5 8.
g3 e5 9. Bg2 exd4 10. Qxd4 Qf6 11. Qxf6 N7xf6 12. Nxd5 cxd5 13. Ne3 Be4 14.
Bxe4 Bb4+ 15. Bd2 Bxd2+ 16. Kxd2 Nxe4+ 17. Ke1 Rc8 18. Nxd5 Rc2 19. Rb1 Rc4 20.
f3 Nc5 21. Kf2 O-O 22. Rhc1 Rxc1 23. Rxc1 Nxa4 24. b3 Nb6 25. Nxb6 axb6 26. Rc7
Rb8 27. e4 g5 28. Ke3 Ra8 29. Rxb7 Ra2 30. Rxb6 Rxh2 31. g4 Rb2 32. Rb5 Kf8 33.
Kd3 Ke7 34. Kc3 Rf2 35. Rf5 f6 36. b4 h5 37. gxh5 Rh2 38. b5 Rxh5 39. b6 Rh8
40. Kc4 Rc8+ 41. Rc5 Rh8 42. b7 Rb8 43. Rb5 Kd6 44. Rb6+ Kc7 45. Kc5 1-0

[Event "GBR-ch90"]
[Site "Edinburgh"]
[Date "2003.07.30"]
[Round "9.11"]
[White "Hossain, Enamul"]
[Black "Webb, Laurence"]
[Result "1/2-1/2"]
[WhiteElo "2452"]
[BlackElo "2325"]
[PlyCount "157"]
[EventDate "2003.07.21"]
[EventType "swiss"]
[EventRounds "11"]
[EventCountry "GBR"]
[SourceTitle "BritBase"]
[Source "John Saunders"]
[SourceDate "2008.07.14"]
[SourceVersion "1"]
[SourceVersionDate "2008.07.14"]
[SourceQuality "2"]

1. e4 e6 2. d4 d5 3. Nd2 Nf6 4. e5 Nfd7 5. c3 c5 6. Bd3 Nc6 7. Ngf3 Qb6 8. O-O
cxd4 9. cxd4 Nxd4 10. Nxd4 Qxd4 11. Nf3 Qb6 12. Qa4 Qb4 13. Qc2 Nc5 14. Bd2 Qa4
15. b3 Qd7 16. Be2 b6 17. b4 Ba6 18. Bxa6 Nxa6 19. a3 Rc8 20. Qd3 Rc4 21. Be3
Nb8 22. Rac1 Rxc1 23. Rxc1 Be7 24. Rc3 O-O 25. Qc2 Na6 26. Nd4 Ra8 27. Nc6 Bf8
28. h4 Kh8 29. h5 Rc8 30. Bg5 h6 31. Be3 Qb7 32. Bd4 Nb8 33. Nxb8 Rxc3 34. Qxc3
Qxb8 35. Qc6 Qd8 36. g3 Kh7 37. Qb7 Qe7 38. Qb8 g6 39. hxg6+ fxg6 40. Qc8 Bg7
41. Qc6 Qf7 42. Qc3 h5 43. a4 Qf5 44. a5 bxa5 45. bxa5 a6 46. Qc6 Qd3 47. Bb6
Bxe5 48. Qxe6 Bg7 49. Bd8 Qb1+ 50. Kh2 Qf5 51. Qe1 d4 52. Bb6 Qf3 53. Qd2 Qc3
54. Qg5 d3 55. Be3 Qc4 56. Qd8 Qe4 57. Bg5 Qd4 58. Qb6 d2 59. Qxd4 Bxd4 60.
Bxd2 Bxf2 61. Kh3 Kg7 62. g4 Kf6 63. gxh5 gxh5 64. Kg2 Bh4 65. Kh3 Bf2 66. Kg2
Bc5 67. Kg3 Be7 68. Kf4 Ke6 69. Ke4 h4 70. Kf4 Kd5 71. Kg4 Kc4 72. Be1 Kb5 73.
Kh3 Bd8 74. Kg4 Bxa5 75. Bxh4 Bb4 76. Bd8 Bc5 77. Kf5 Bb6 78. Bxb6 Kxb6 79. Ke4
1/2-1/2

[Event "GBR-ch90"]
[Site "Edinburgh"]
[Date "2003.07.30"]
[Round "9.12"]
[White "Arakhamia-Grant, Ketevan"]
[Black "Sundararajan, Kidambi"]
[Result "1-0"]
[WhiteElo "2408"]
[BlackElo "2442"]
[PlyCount "139"]
[EventDate "2003.07.21"]
[EventType "swiss"]
[EventRounds "11"]
[EventCountry "GBR"]
[SourceTitle "BritBase"]
[Source "John Saunders"]
[SourceDate "2008.07.14"]
[SourceVersion "1"]
[SourceVersionDate "2008.07.14"]
[SourceQuality "2"]

1. e4 c5 2. Nf3 d6 3. d4 cxd4 4. Nxd4 Nf6 5. Nc3 a6 6. f4 e5 7. Nf3 Nbd7 8. Bd3
Be7 9. O-O O-O 10. Kh1 b5 11. Qe1 Bb7 12. a3 Rc8 13. Bd2 exf4 14. Bxf4 Nh5 15.
Bd2 Ne5 16. Nxe5 dxe5 17. Rf5 Nf4 18. Bxf4 exf4 19. Rxf4 Bd6 20. Rf3 Be5 21.
Nd1 Rc6 22. Ne3 Bc8 23. Rd1 Rh6 24. h3 Rd6 25. Qb4 Rd4 26. Qc5 Qd6 27. Qxd6
Rxd6 28. b3 Be6 29. a4 bxa4 30. bxa4 Rfd8 31. Rb1 Rc8 32. Rff1 g6 33. Rb7 Rd4
34. Nd5 Rf8 35. Ne7+ Kg7 36. Nc6 Bc8 37. Rb6 Re8 38. Nxd4 Bxd4 39. Rb8 Be5 40.
Ra8 Bd7 41. Rxa6 Rc8 42. Ra7 Be6 43. a5 Rc3 44. a6 Ra3 45. Rb7 h5 46. Bb5 h4
47. Rd1 Bf4 48. Be2 Ra2 49. Bd3 g5 50. Rbb1 Be5 51. Rb5 Bf4 52. Rf1 Be3 53.
Rbb1 Bd4 54. Rb4 Bc3 55. Rb7 Bd4 56. Rc7 Be3 57. Bb5 Bb6 58. Rb7 Be3 59. Rc7
Bb6 60. Rc6 Be3 61. Be2 Ra4 62. c4 Bd7 63. Rc7 Be6 64. c5 Ra2 65. a7 Bd4 66.
Bb5 Be5 67. Rb7 Bd4 68. Bc6 Bxc5 69. a8=Q Rxa8 70. Rb5 1-0

[Event "GBR-ch90"]
[Site "Edinburgh"]
[Date "2003.07.30"]
[Round "9.13"]
[White "Haslinger, Stewart"]
[Black "Rudd, Jack"]
[Result "1-0"]
[WhiteElo "2414"]
[BlackElo "2219"]
[PlyCount "61"]
[EventDate "2003.07.21"]
[EventType "swiss"]
[EventRounds "11"]
[EventCountry "GBR"]
[SourceTitle "BritBase"]
[Source "John Saunders"]
[SourceDate "2008.07.14"]
[SourceVersion "1"]
[SourceVersionDate "2008.07.14"]
[SourceQuality "2"]

1. e4 e5 2. Nf3 Nc6 3. d4 exd4 4. Nxd4 Bc5 5. Nxc6 Qf6 6. Qd2 dxc6 7. Nc3 Ne7
8. Qf4 Qe6 9. Qxc7 O-O 10. Qg3 f5 11. e5 f4 12. Bxf4 Qf7 13. Ne4 Bb6 14. Bd2
Bf5 15. Nd6 Qe6 16. Bc4 Nd5 17. Nxf5 Rxf5 18. f4 Kh8 19. O-O-O Raf8 20. Qh3 Qf7
21. g4 Rxf4 22. Bxd5 cxd5 23. Bxf4 Qxf4+ 24. Kb1 Qxe5 25. Rhf1 Rc8 26. g5 Rd8
27. g6 h6 28. Qf5 Qxf5 29. Rxf5 d4 30. Rdf1 Kg8 31. Rf7 1-0

[Event "GBR-ch90"]
[Site "Edinburgh"]
[Date "2003.07.30"]
[Round "9.15"]
[White "Swathi, Ghate"]
[Black "Neelotpal, Das"]
[Result "0-1"]
[WhiteElo "2299"]
[BlackElo "2462"]
[PlyCount "62"]
[EventDate "2003.07.21"]
[EventType "swiss"]
[EventRounds "11"]
[EventCountry "GBR"]
[SourceTitle "BritBase"]
[Source "John Saunders"]
[SourceDate "2008.07.14"]
[SourceVersion "1"]
[SourceVersionDate "2008.07.14"]
[SourceQuality "2"]

1. e4 e6 2. d4 d5 3. Nc3 Bb4 4. e5 Ne7 5. a3 Bxc3+ 6. bxc3 c5 7. Qg4 Qc7 8.
Qxg7 Rg8 9. Qxh7 cxd4 10. Ne2 Nbc6 11. f4 Bd7 12. Qd3 dxc3 13. Qxc3 O-O-O 14.
Rb1 Kb8 15. g3 d4 16. Qc5 Bc8 17. Bg2 b6 18. Qc4 Bb7 19. Rg1 Nf5 20. Bd2 Rd7
21. a4 d3 22. cxd3 Rc8 23. a5 Qd8 24. axb6 axb6 25. Qa2 Rxd3 26. Rc1 Ncd4 27.
Bxb7 Rxc1+ 28. Nxc1 Ra3 29. Qb2 Kxb7 30. Rg2 Qd5 31. Kf1 Qf3+ 0-1

[Event "GBR-ch90"]
[Site "Edinburgh"]
[Date "2003.07.30"]
[Round "9.17"]
[White "Longson, Alexander"]
[Black "Al Rakib, Abdullah"]
[Result "1-0"]
[WhiteElo "2225"]
[BlackElo "2387"]
[PlyCount "85"]
[EventDate "2003.07.21"]
[EventType "swiss"]
[EventRounds "11"]
[EventCountry "GBR"]
[SourceTitle "BritBase"]
[Source "John Saunders"]
[SourceDate "2008.07.14"]
[SourceVersion "1"]
[SourceVersionDate "2008.07.14"]
[SourceQuality "2"]

1. e4 e5 2. Nf3 Nc6 3. Bb5 g6 4. d4 exd4 5. Nxd4 Bg7 6. Nxc6 bxc6 7. Bc4 Ne7 8.
Nc3 O-O 9. O-O d6 10. Bg5 Be6 11. Bb3 Qd7 12. Re1 Rae8 13. Qd2 Nc8 14. Bh6 f6
15. Bxg7 Qxg7 16. Re3 Nb6 17. Rae1 Re7 18. Qe2 c5 19. Nd5 Bxd5 20. Bxd5+ Kh8
21. c4 Nd7 22. Qc2 Ne5 23. Qa4 Qh6 24. h3 f5 25. exf5 gxf5 26. Qxa7 Qg5 27. h4
Qxh4 28. Rxe5 dxe5 29. Qxc5 e4 30. a4 Qf6 31. a5 Rfe8 32. b4 Rg7 33. Qc6 Qe7
34. a6 Rg6 35. Qa4 c6 36. Bxc6 Qg5 37. g3 e3 38. Qa1+ Rg7 39. Bxe8 exf2+ 40.
Kxf2 Qxg3+ 41. Ke2 Kg8 42. Qf6 Qb3 43. Bf7+ 1-0

[Event "GBR-ch90"]
[Site "Edinburgh"]
[Date "2003.07.30"]
[Round "9.18"]
[White "Rendle, Thomas"]
[Black "Collins, Sam IRL"]
[Result "1/2-1/2"]
[WhiteElo "2240"]
[BlackElo "2381"]
[PlyCount "106"]
[EventDate "2003.07.21"]
[EventType "swiss"]
[EventRounds "11"]
[EventCountry "GBR"]
[SourceTitle "BritBase"]
[Source "John Saunders"]
[SourceDate "2008.07.14"]
[SourceVersion "1"]
[SourceVersionDate "2008.07.14"]
[SourceQuality "2"]

1. e4 c5 2. Nf3 d6 3. c3 Nf6 4. Be2 Bd7 5. Qc2 Bc6 6. d3 Nbd7 7. Nbd2 Rc8 8.
O-O g6 9. Qb1 Bg7 10. d4 cxd4 11. cxd4 e6 12. b4 b5 13. a4 a6 14. a5 O-O 15.
Bd3 Rc7 16. Re1 Bb7 17. Nb3 Qe7 18. Bg5 h6 19. Bh4 g5 20. Nxg5 hxg5 21. Bxg5 e5
22. Nd2 Rfc8 23. Nf3 Qe6 24. h3 Nh7 25. d5 Qg6 26. Be7 Bf6 27. Bxd6 Rc3 28. Re3
Kh8 29. Qe1 Qh6 30. Bc5 Nxc5 31. Qxc3 Nxe4 32. Qe1 Nd6 33. Nxe5 Bxd5 34. Bxh7
Qxh7 35. Rd1 Bxg2 36. Kxg2 Nf5 37. Ng4 Nxe3+ 38. Qxe3 Bg7 39. Rd5 Qg6 40. Rg5
Qc6+ 41. f3 Qd6 42. Rc5 Rxc5 43. bxc5 Qd8 44. c6 Qxa5 45. Qe8+ Kh7 46. Qxf7
Qd2+ 47. Nf2 Qg5+ 48. Kh2 Qc5 49. Ne4 Qxc6 50. Ng5+ Kh6 51. Qf5 Qd6+ 52. f4
Qd2+ 53. Kh1 Qe1+ 1/2-1/2

[Event "GBR-ch90"]
[Site "Edinburgh"]
[Date "2003.07.30"]
[Round "9.19"]
[White "Gwaze, Robert"]
[Black "Woodward, Timothy"]
[Result "1-0"]
[WhiteElo "2335"]
[BlackElo "2285"]
[PlyCount "53"]
[EventDate "2003.07.21"]
[EventType "swiss"]
[EventRounds "11"]
[EventCountry "GBR"]
[SourceTitle "BritBase"]
[Source "John Saunders"]
[SourceDate "2008.07.14"]
[SourceVersion "1"]
[SourceVersionDate "2008.07.14"]
[SourceQuality "2"]

1. e4 c6 2. d4 d5 3. Nc3 dxe4 4. Nxe4 Bf5 5. Ng3 Bg6 6. Nf3 Nd7 7. h4 h6 8. h5
Bh7 9. Bd3 Bxd3 10. Qxd3 e6 11. Bd2 Ngf6 12. O-O-O Be7 13. Kb1 O-O 14. Qe2 Qc7
15. Ne4 Nxe4 16. Qxe4 Nf6 17. Qe2 Rfd8 18. g4 c5 19. g5 hxg5 20. Nxg5 Rxd4 21.
h6 Rxd2 22. Rxd2 gxh6 23. Rxh6 Qf4 24. Rh3 Bf8 25. Nxe6 fxe6 26. Qxe6+ Kg7 27.
Rdd3 1-0

[Event "GBR-ch90"]
[Site "Edinburgh"]
[Date "2003.07.30"]
[Round "9.20"]
[White "Martyn, Rafe"]
[Black "Barua, Dibyendu"]
[Result "1/2-1/2"]
[WhiteElo "2266"]
[BlackElo "2561"]
[PlyCount "74"]
[EventDate "2003.07.21"]
[EventType "swiss"]
[EventRounds "11"]
[EventCountry "GBR"]
[SourceTitle "BritBase"]
[Source "John Saunders"]
[SourceDate "2008.07.14"]
[SourceVersion "1"]
[SourceVersionDate "2008.07.14"]
[SourceQuality "2"]

1. d4 d5 2. c4 e6 3. Nf3 Nf6 4. g3 c6 5. Bg2 Nbd7 6. Qc2 Be7 7. O-O O-O 8. b3
b6 9. Rd1 Ba6 10. Nbd2 c5 11. e4 dxc4 12. Nxc4 cxd4 13. Nxd4 Rc8 14. e5 Nd5 15.
Qb2 Bxc4 16. bxc4 Rxc4 17. Bxd5 exd5 18. Nf5 d4 19. Qe2 b5 20. Bh6 gxh6 21. a4
Nc5 22. Qg4+ Bg5 23. axb5 Kh8 24. h4 Ne6 25. hxg5 Qxg5 26. Qe4 Qh5 27. Nxd4 Ng5
28. Qe2 Qxe2 29. Nxe2 Rc5 30. Nd4 Rd5 31. Nc6 Rxb5 32. Rxa7 Rc5 33. Rd8 Kg7 34.
Rxf8 Kxf8 35. Nd4 Rxe5 36. f4 Rd5 37. fxg5 Rxd4 1/2-1/2

[Event "GBR-ch90"]
[Site "Edinburgh"]
[Date "2003.07.30"]
[Round "9.21"]
[White "Hanley, Craig A"]
[Black "Williams, Samuel G"]
[Result "1-0"]
[WhiteElo "2387"]
[BlackElo "2150"]
[PlyCount "131"]
[EventDate "2003.07.21"]
[EventType "swiss"]
[EventRounds "11"]
[EventCountry "GBR"]
[SourceTitle "BritBase"]
[Source "John Saunders"]
[SourceDate "2008.07.14"]
[SourceVersion "1"]
[SourceVersionDate "2008.07.14"]
[SourceQuality "2"]

1. e4 e5 2. Nf3 Nf6 3. Nxe5 d6 4. Nf3 Nxe4 5. d4 d5 6. Bd3 Nc6 7. O-O Be7 8. c4
Nb4 9. Be2 Bf5 10. a3 Nc6 11. Nc3 Nxc3 12. bxc3 dxc4 13. Bxc4 O-O 14. Re1 Bd6
15. Bd3 Bg4 16. Rb1 Rb8 17. h3 Bh5 18. Rb5 Bg6 19. Bxg6 hxg6 20. c4 a6 21. Rb1
Re8 22. Rxe8+ Qxe8 23. c5 Bf8 24. Bf4 Qd7 25. d5 Rd8 26. Rxb7 Qxd5 27. Qxd5
Rxd5 28. Rxc7 Nd8 29. Be3 f6 30. Rc8 Kf7 31. g4 Ne6 32. c6 Bd6 33. Nd2 Bc7 34.
Ne4 Rd8 35. Rxd8 Nxd8 36. Nc5 Nxc6 37. Nxa6 Ba5 38. Nc5 Ne5 39. Nb7 Bc3 40. a4
Nc4 41. Bc5 Ke6 42. Bf8 f5 43. Kg2 Kd7 44. Kg3 Kc6 45. Nc5 Nb2 46. Ne6 Nxa4 47.
Bxg7 Kd6 48. gxf5 gxf5 49. Nd4 Bd2 50. Nxf5+ Ke6 51. Kg4 Nc5 52. Bd4 Nd3 53.
Ng3 Be1 54. Kf3 Nb4 55. h4 Bd2 56. Be3 Bc3 57. Ne2 Bf6 58. Kg4 Nc6 59. f4 Ne7
60. Bd4 Bxd4 61. Nxd4+ Kf6 62. h5 Nd5 63. f5 Ne7 64. h6 Ng8 65. Kh5 Kf7 66. h7
1-0

[Event "GBR-ch90"]
[Site "Edinburgh"]
[Date "2003.07.30"]
[Round "9.22"]
[White "Sowray, Peter J"]
[Black "Mitchell, Martin"]
[Result "1-0"]
[WhiteElo "2346"]
[BlackElo "2132"]
[PlyCount "61"]
[EventDate "2003.07.21"]
[EventType "swiss"]
[EventRounds "11"]
[EventCountry "GBR"]
[SourceTitle "BritBase"]
[Source "John Saunders"]
[SourceDate "2008.07.14"]
[SourceVersion "1"]
[SourceVersionDate "2008.07.14"]
[SourceQuality "2"]

1. c4 e5 2. Nc3 f5 3. d4 Nc6 4. dxe5 Nxe5 5. b3 Nf6 6. Bb2 d6 7. g3 Be7 8. Bg2
c6 9. Nh3 Be6 10. O-O O-O 11. Qd2 Kh8 12. Rad1 Qc7 13. Kh1 Rad8 14. f4 Ned7 15.
Ng5 Bg8 16. e4 fxe4 17. Ncxe4 d5 18. cxd5 Bxd5 19. Qc3 Nb6 20. Nc5 Bxg2+ 21.
Kxg2 Nbd5 22. Qc1 Bxc5 23. Qxc5 Rde8 24. Ne6 Qf7 25. Nxf8 Re2+ 26. Rf2 Ne3+ 27.
Kg1 Rxf2 28. Qxe3 Ng4 29. Qe6 Qxf8 30. Bxg7+ Kxg7 31. Qxg4+ 1-0

[Event "GBR-ch90"]
[Site "Edinburgh"]
[Date "2003.07.30"]
[Round "9.23"]
[White "Mannion, Stephen"]
[Black "Munson, Shaun D"]
[Result "1-0"]
[WhiteElo "2339"]
[BlackElo "2112"]
[PlyCount "45"]
[EventDate "2003.07.21"]
[EventType "swiss"]
[EventRounds "11"]
[EventCountry "GBR"]
[SourceTitle "BritBase"]
[Source "John Saunders"]
[SourceDate "2008.07.14"]
[SourceVersion "1"]
[SourceVersionDate "2008.07.14"]
[SourceQuality "2"]

1. e4 c5 2. Nf3 Nc6 3. d4 cxd4 4. Nxd4 e5 5. Nb5 d6 6. c4 Be7 7. N1c3 a6 8. Na3
f5 9. exf5 Bxf5 10. Be2 Nf6 11. O-O O-O 12. Nc2 Rc8 13. Be3 Be6 14. Nd5 b5 15.
Bb6 Qd7 16. Nce3 bxc4 17. Bxc4 Nb4 18. Nxf6+ gxf6 19. Qg4+ Kf7 20. Bxe6+ Qxe6
21. Qxb4 d5 22. Qh4 Qxb6 23. Qxh7+ 1-0

[Event "GBR-ch90"]
[Site "Edinburgh"]
[Date "2003.07.30"]
[Round "9.24"]
[White "Lyell, Mark"]
[Black "Howell, David W"]
[Result "0-1"]
[WhiteElo "2256"]
[BlackElo "2323"]
[PlyCount "56"]
[EventDate "2003.07.21"]
[EventType "swiss"]
[EventRounds "11"]
[EventCountry "GBR"]
[SourceTitle "BritBase"]
[Source "John Saunders"]
[SourceDate "2008.07.14"]
[SourceVersion "1"]
[SourceVersionDate "2008.07.14"]
[SourceQuality "2"]

1. e4 e5 2. Nf3 Nc6 3. d4 exd4 4. Nxd4 Bc5 5. Be3 Qf6 6. c3 Nge7 7. Bc4 Ne5 8.
Be2 Qg6 9. O-O d6 10. Kh1 Qxe4 11. Nd2 Qh4 12. N2f3 Nxf3 13. Nxf3 Qf6 14. Bg5
Qg6 15. Bd3 Qh5 16. b4 Bb6 17. Re1 Be6 18. Bc4 Bxc4 19. Qa4+ Kf8 20. Bxe7+ Kg8
21. Nd4 h6 22. Qc2 Qg6 23. Qd2 Kh7 24. Re3 f5 25. Rg3 Qf7 26. Qf4 Bxd4 27. Qxd4
Rhe8 28. Bh4 Re4 0-1

[Event "GBR-ch90"]
[Site "Edinburgh"]
[Date "2003.07.30"]
[Round "9.25"]
[White "Meenakshi, Subbaraman"]
[Black "Redpath, Joseph"]
[Result "1/2-1/2"]
[WhiteElo "2319"]
[BlackElo "2194"]
[PlyCount "58"]
[EventDate "2003.07.21"]
[EventType "swiss"]
[EventRounds "11"]
[EventCountry "GBR"]
[SourceTitle "BritBase"]
[Source "John Saunders"]
[SourceDate "2008.07.14"]
[SourceVersion "1"]
[SourceVersionDate "2008.07.14"]
[SourceQuality "2"]

1. d4 g6 2. e4 Bg7 3. Nc3 d6 4. Be2 Nd7 5. h4 h5 6. Nf3 a6 7. Bg5 b5 8. a3 Bb7
9. Qd2 c5 10. O-O cxd4 11. Nxd4 Ngf6 12. f3 O-O 13. Kh1 Rc8 14. Bd3 Nb6 15. Bh6
Nc4 16. Bxc4 Rxc4 17. Bxg7 Kxg7 18. Rad1 Qb6 19. Qf2 Qc5 20. Nb3 Qxf2 21. Rxf2
Ba8 22. Kg1 Rfc8 23. Rfd2 Nd7 24. Rd4 Nb6 25. Na5 R4c5 26. R1d2 Kf6 27. Kf1 g5
28. hxg5+ Rxg5 29. Nd1 h4 1/2-1/2